[Event "TCh-SVK Extraliga 2010-11"]
[Site "Slovakia SVK"]
[Date "2011.05.08"]
[Round "11.2"]
[White "Lipka,J"]
[Black "Dydyshko,V"]
[Result "1-0"]
[WhiteElo "2414"]
[BlackElo "2547"]

1.Nf3 Nf6 2.c4 g6 3.g3 Bg7 4.Bg2 O-O 5.d4 d6 6.Nc3 Nbd7 7.O-O e5 8.e4 c6
9.b3 exd4 10.Nxd4 Re8 11.h3 a6 12.Re1 Rb8 13.Bb2 Qc7 14.a4 a5 15.Ba3 Bf8
16.f4 Qb6 17.Kh2 Nc5 18.Ra2 Nfd7 19.Rd2 Bg7 20.Bb2 Nf8 21.Na2 Bd7 22.Nc1 Rbd8
23.Rde2 Bc8 24.Qd2 Re7 25.Bc3 Rde8 26.Bxa5 Qa7 27.Bc3 Nfd7 28.Nc2 Nf6 29.Bd4 Qb8
30.Qc3 Ncd7 31.Qf3 b5 32.e5 dxe5 33.fxe5 Nxe5 34.Qc3 Nh5 35.Nb4 c5 36.Bxe5 Rxe5
37.Rxe5 Bxe5 38.Rxe5 Qxe5 39.Qxe5 Rxe5 40.Nbd3 Re3 41.cxb5 Nxg3 42.a5 Nf5
43.a6 Re7 44.Nxc5 Nd6 45.b6 Bxa6 46.Nxa6 f5 47.Nc5 g5 48.b7 Nxb7 49.Bxb7 h5
50.b4 Re3 51.b5 g4 52.hxg4  1-0

[Event "TCh-POL Ekstraliga"]
[Site "Wroclaw POL"]
[Date "2011.05.08"]
[Round "3.2"]
[White "Orzech,D"]
[Black "Dziuba,M"]
[Result "1/2-1/2"]
[WhiteElo "2426"]
[BlackElo "2593"]

1.Nf3 Nf6 2.c4 g6 3.g3 Bg7 4.Bg2 O-O 5.O-O d6 6.Nc3 e5 7.d4 Nbd7 8.h3 c6
9.e4 Qa5 10.Re1 exd4 11.Nxd4 Ne5 12.Bf1 Re8 13.Rb1 d5 14.b4 Qd8 15.cxd5 cxd5
16.Bg5 dxe4 17.Nxe4 Bf5 18.Nxf5 Qxd1 19.Nxf6+ Bxf6 20.Rexd1 Nf3+ 21.Kh1 Nxg5
22.Nd6 Re7 23.h4 Ne4 24.Nxe4 Rxe4 25.Rd7 Re7 26.Rbd1 Rae8 27.Kg2 Rxd7 28.Rxd7 Re7
29.Rxe7 Bxe7 30.b5 f5  1/2-1/2

[Event "46th Capablanca Memorial Open B"]
[Site "Havana CUB"]
[Date "2011.05.13"]
[Round "3.5"]
[White "Li Torres,M"]
[Black "Corado,R"]
[Result "1/2-1/2"]
[WhiteElo "2251"]
[BlackElo "2035"]

1.Nf3 Nf6 2.g3 g6 3.Bg2 Bg7 4.c4 O-O 5.O-O d6 6.d4 c6 7.Nc3 d5 8.b3 Ne4 9.Bb2 Nxc3
10.Bxc3 dxc4 11.bxc4 Be6 12.Qd3 h6 13.Rfd1 Nd7 14.Rab1 Qc7 15.e4 Rfd8 16.Qe2 c5
17.Qb2 Nb6 18.Qc1 Bxc4 19.d5 Bxc3 20.Qxc3 Be2 21.Rd2 Bxf3 22.Bxf3 Nd7 23.Bg2 Rab8
24.a4 Qe5 25.Qc4 Qd6 26.Rdb2 Qc7 27.Rc2 Nb6 28.Qb5 Qd7 29.a5 Qxb5 30.Rxb5 Nd7
31.Bh3 Nf6 32.f3 b6 33.axb6 Rxb6 34.Rbxc5 Rb7 35.Kf2 Kg7 36.Bc8 Rb8 37.Ba6 Rb6
38.Ra5 Rdb8 39.Be2 R6b7 40.Rca2  1/2-1/2

[Event "ch-BUL Seniors"]
[Site "Sofia BUL"]
[Date "2011.05.16"]
[Round "4.1"]
[White "Vachev,V"]
[Black "Ljangov,P"]
[Result "1/2-1/2"]
[WhiteElo "2149"]
[BlackElo "2064"]

1.Nf3 Nf6 2.g3 g6 3.Bg2 Bg7 4.c4 O-O 5.Nc3 d6 6.d4 c6 7.O-O a6 8.a4 a5 9.h3 Na6
10.e4 Nd7  1/2-1/2

[Event "ch-Euro Indiv Women"]
[Site "Tbilisi GEO"]
[Date "2011.05.17"]
[Round "10"]
[White "Stojanovic,Andj"]
[Black "Hairapetian,A"]
[Result "1/2-1/2"]
[WhiteElo "2326"]
[BlackElo "2128"]

1.Nf3 Nf6 2.c4 g6 3.g3 Bg7 4.Bg2 O-O 5.O-O c5 6.d4 d6 7.Nc3 Nc6 8.dxc5 dxc5
9.Be3 Qa5 10.Qa4 Be6 11.Nd2 Qb6 12.Qb5 Nd4 13.Qxb6 axb6 14.Bxd4 cxd4 15.Nb5 Bh6
16.f4 Rad8 17.h3 Bg7 18.g4 h5 19.g5 Ne8 20.Kh2 d3 21.e3 Bxb2 22.Rab1 Bg7
23.Bxb7 Nd6 24.Nxd6 Rxd6 25.Rfc1 Rb8 26.Be4 Rc8 27.Rb3 Kh7 28.Kg3 f5 29.gxf6 Bxf6
30.Rcb1 Bxc4 31.Nxc4 Rxc4 32.Bxd3 Ra4 33.a3 e5 34.Bb5 exf4+ 35.exf4 Rad4
36.Rc1 Kh6 37.Rc6 Be7 38.Kf3 Rxc6 39.Bxc6 Bd6 40.Be4 Bc5 41.Bc6 Kg7 42.Be4 Kf6
43.Rd3 Ra4 44.Bc6 Rc4 45.Bb5 Rc2 46.a4 Rb2 47.Ke4 Rb4+ 48.Kf3 h4 49.Be8 Rb1
50.Bb5 Re1 51.Bc6 Rb1 52.Bb5 Re1  1/2-1/2

[Event "TCh-UKR Clubs 2011"]
[Site "Alushta UKR"]
[Date "2011.05.18"]
[Round "6.2"]
[White "Kusnetsov,Sergey"]
[Black "Nesteretz,A"]
[Result "1/2-1/2"]
[WhiteElo "2305"]
[BlackElo "2418"]

1.c4 g6 2.g3 Bg7 3.Bg2 Nf6 4.Nf3 O-O 5.O-O Nc6 6.d4 d6 7.d5 Na5 8.Nbd2 b5
9.cxb5 Nxd5 10.Nb3 Nxb3 11.Qxb3 Nb6 12.Rd1 Bb7 13.a4 a6 14.Nd4 Bxg2 15.Kxg2 axb5
16.Qxb5 c5 17.Nc6 Qc7 18.Bg5 Nc8 19.Ra3 h6 20.Bd2 Na7 21.Nxa7 Rxa7 22.Rb3 d5
23.Rc1 c4 24.Be3 Ra5 25.Qb4 Ra6 26.Qb5 Ra5 27.Qb4 Raa8 28.Bb6 Qe5 29.Re3 Qxb2
30.Qxb2 Bxb2 31.Rc2 Bf6 32.a5 e6 33.Ra3 Rfb8 34.Raa2 Bd8 35.Bxd8 Rxd8 36.Rcb2 Rdb8
37.Rxb8+ Rxb8 38.a6 Kf8 39.e4 dxe4 40.Ra4 Ra8 41.Rxc4 f5 42.Rc6 Ke7 43.Rb6 Kf6
44.h4 g5 45.hxg5+ hxg5 46.f3 exf3+ 47.Kxf3 Rc8 48.Rb3 Rc7 49.Ra3 Ra7 50.Ra5 g4+
51.Kf4 e5+  1/2-1/2

[Event "TCh-UKR Clubs 2011"]
[Site "Alushta UKR"]
[Date "2011.05.18"]
[Round "6.1"]
[White "Sevostianov,P"]
[Black "Brusilovskiy,B"]
[Result "1/2-1/2"]
[WhiteElo "2277"]
[BlackElo "2081"]

1.Nf3 Nf6 2.g3 g6 3.Bg2 Bg7 4.c4 O-O 5.O-O c6 6.d4 d5 7.Qb3 dxc4 8.Qxc4 Be6
9.Qb4 Qb6 10.Qxe7 Re8 11.Qa3 Bc4 12.Nc3 Bxe2 13.Nxe2 Rxe2 14.Qd3 Qa6 15.Qb3 Nbd7
16.Rd1 Re7 17.Bd2 Nd5 18.Bf1 Qb6 19.Qa3 Qc7 20.Rac1 N7f6 21.b4 Qd6 22.Qb3 a6
23.Rc2 Ne4 24.Be1 Rae8 25.a4 Ng5 26.Ne5 Bxe5 27.dxe5 Rxe5 28.Bc3 Nf3+ 29.Kg2  1/2-1/2

[Event "ch-KAZ 2011"]
[Site "Astana KAZ"]
[Date "2011.05.18"]
[Round "4"]
[White "Kozganbayev,E"]
[Black "Davletbayeva,M"]
[Result "1-0"]
[WhiteElo "2271"]
[BlackElo "2234"]

1.Nf3 Nf6 2.c4 g6 3.g3 Bg7 4.Bg2 O-O 5.O-O d6 6.Nc3 Nc6 7.Rb1 Bf5 8.d3 Qd7
9.b4 Bh3 10.b5 Nd8 11.Nd5 Nxd5 12.Bxh3 Qxh3 13.cxd5 c6 14.dxc6 bxc6 15.Qa4 cxb5
16.Rxb5 Qd7 17.Be3 Ne6 18.Rfb1 Rfc8 19.Qe4 Bf6 20.Ra5 Qc7 21.Qa4 Qc2 22.Qxc2 Rxc2
23.Kf1 Rc7 24.Rb3 Nd8 25.Ra6 Nc6 26.Rb1 Kf8 27.h4 h5 28.Rc1 Rac8 29.Rb1 Ke8
30.Ra4 Kd7 31.Nd2 Rg8 32.Ne4 Bg7 33.Rb5 Rgc8 34.Nd2 Bf6 35.Rb3 Bg7 36.Nc4 Bd4
37.Nxd6 exd6 38.Bxd4 Nxd4 39.Rxd4  1-0

[Event "zt 2.5"]
[Site "Asuncion PAR"]
[Date "2011.05.18"]
[Round "3"]
[White "Valdes Escobar,A"]
[Black "Lemos,D"]
[Result "1-0"]
[WhiteElo "2419"]
[BlackElo "2550"]

1.Nf3 Nf6 2.c4 g6 3.g3 Bg7 4.Bg2 O-O 5.O-O d5 6.cxd5 Nxd5 7.Nc3 Nb6 8.d3 Na6
9.Bf4 c6 10.Qd2 Bg4 11.Bh6 Bxf3 12.Bxf3 Qd4 13.Bxg7 Qxg7 14.Rab1 Qd4 15.a3 Nc7
16.Rfc1 Ne6 17.e3 Qd7 18.Ne4 Rfd8 19.d4 f5 20.Nc5 Nxc5 21.Rxc5 e5 22.Rd1 exd4
23.exd4 Qg7 24.d5 Kh8 25.Qc2 cxd5 26.Bxd5 f4 27.Bf3 Rf8 28.Rc7 Rac8 29.Rxg7 Rxc2
30.Rxb7 Rxb2 31.g4 Rb3 32.Kg2 Rb2 33.Rc1 Rd8 34.Rcc7 h6 35.Rh7+ Kg8 36.Rhg7+ Kh8
37.Rxg6 Nc4 38.Rxh6+ Kg8 39.Rg6+ Kh8 40.Rxb2 Nxb2 41.Rf6 Rd3 42.Rxf4 Rxa3
43.g5 Nd3 44.Re4 a5 45.Re3 a4 46.Kg3 Rc3 47.Bd5 a3 48.Kh4 Kg7 49.f4 Kg6 50.Be4+ Kg7
51.Rxd3  1-0

[Event "20th Croatian Cup"]
[Site "Sibenik CRO"]
[Date "2011.05.19"]
[Round "3.91"]
[White "Galic,I2"]
[Black "Krnic,I"]
[Result "1-0"]
[WhiteElo "2349"]
[BlackElo "2182"]

1.Nf3 Nf6 2.g3 g6 3.Bg2 Bg7 4.c4 O-O 5.O-O d6 6.Nc3 c5 7.Rb1 Nc6 8.a3 a5
9.d3 Bd7 10.Re1 Rb8 11.Bf4 h6 12.Qd2 Kh7 13.Rec1 e5 14.Be3 Ng4 15.Nd1 f5
16.Qe1 f4 17.Bd2 fxg3 18.hxg3 b5 19.cxb5 Rxb5 20.Nc3 Rb8 21.Ne4 Be8 22.b4 axb4
23.axb4 Nxb4 24.Bxb4 cxb4 25.Rxb4 Nf6 26.Rxb8 Qxb8 27.Rb1 Qd8 28.Qb4 Nxe4
29.dxe4 Rf6 30.Rd1 Qe7 31.Nh2 Bd7 32.Qb7 Rf7 33.Bf3 Qf6 34.Qb6 Bf8 35.Bg4 Bxg4
36.Nxg4 Qe6 37.Ne3 h5 38.Kg2 Qf6 39.Nc4 Qe6 40.Nxd6 Rf6 41.Qc7+ Bg7 42.Nc4 Rf7
43.Qc5 Qg4 44.Qe3 Qe6 45.Qd3 Qf6 46.Rf1 Qe6 47.Qd5 Qe7 48.Nd2 Rf8 49.Nf3 Rd8
50.Qc4 Rd7 51.Rb1 Rd8 52.Rb6 Rf8 53.Re6 Qa7 54.Qc6 h4 55.Rxg6 h3+ 56.Kxh3 Rxf3
57.exf3 Qxf2 58.Kg4  1-0

[Event "20th Croatian Cup"]
[Site "Sibenik CRO"]
[Date "2011.05.21"]
[Round "5.91"]
[White "Franciskovic,B"]
[Black "Grguric,Dr"]
[Result "1-0"]
[WhiteElo "2287"]
[BlackElo "2122"]

1.Nf3 Nf6 2.g3 g6 3.Bg2 Bg7 4.c4 O-O 5.O-O d6 6.Nc3 e5 7.d3 c6 8.Rb1 Nbd7
9.b4 a5 10.b5 d5 11.bxc6 bxc6 12.cxd5 Nxd5 13.Nxd5 cxd5 14.Ba3 Re8 15.Qb3 e4
16.dxe4 dxe4 17.Nd2 Nf6 18.Rfd1 Be6 19.Qa4 Bd7 20.Qb3 a4 21.Qb7 Bf5 22.Nc4 Qc8
23.Qxc8 Rexc8 24.Nb6 Rab8 25.Nxc8 Rxc8 26.Rbc1 Re8 27.Bb2 h5 28.Rd6 Be6 29.Ra6 e3
30.fxe3 Bh6 31.Bd4 Ng4 32.Rc3 Bxa2 33.Rxa4 Bb1 34.Ra8 Rxa8 35.Bxa8 Bf5 36.h3  1-0

[Event "63rd ch-MNE"]
[Site "Tivat MNE"]
[Date "2011.05.21"]
[Round "1.10"]
[White "Draganic,V"]
[Black "Lekic,L"]
[Result "1-0"]
[WhiteElo "2314"]
[BlackElo "1951"]

1.Nf3 Nf6 2.c4 g6 3.g3 Bg7 4.Bg2 O-O 5.O-O d5 6.b3 Ne4 7.d4 dxc4 8.bxc4 c5
9.Qc2 Bf5 10.g4 cxd4 11.gxf5 d3 12.exd3 Bxa1 13.dxe4 gxf5 14.e5 Qc8 15.Bh6 Rd8
16.Nbd2 Qe6 17.Bf4 Bd4 18.Nb3 Nc6 19.Kh1 a5 20.Rg1 Kh8 21.Ng5 Qg6 22.Bd5  1-0

[Event "Trophee Roza Lallemand"]
[Site "Chalons en Champagne FRA"]
[Date "2011.05.22"]
[Round "6.7"]
[White "Bollengier,Andreea"]
[Black "Dubois,Mari"]
[Result "1-0"]
[WhiteElo "2211"]
[BlackElo "1724"]

1.c4 Nf6 2.Nf3 g6 3.g3 Bg7 4.Bg2 O-O 5.O-O d6 6.Nc3 Nc6 7.d3 e5 8.Rb1 a5
9.a3 Nd7 10.b4 axb4 11.axb4 f5 12.Qb3 Kh8 13.Bg5 Bf6 14.Bxf6+ Nxf6 15.b5 Ne7
16.Nd2 Nd7 17.Ra1 Rxa1 18.Rxa1 Nc5 19.Qb2 Be6 20.Ra7 Nc8 21.Ra8 Qf6 22.Nd5 Bxd5
23.Bxd5 Nb6 24.Rxf8+ Qxf8 25.Bg2 Qg7 26.Qa1 Qh6 27.f4 Kg8 28.Qa7 Qf8 29.fxe5 dxe5
30.Bxb7 Nxb7 31.Qxb7 Qc5+ 32.Kf1 Qa3 33.Qb8+ Kg7 34.Qxc7+ Kh6 35.Qxb6 Qc1+
36.Kf2 Qxd2 37.Qe3+  1-0

[Event "20th Croatian Cup"]
[Site "Sibenik CRO"]
[Date "2011.05.22"]
[Round "6.34"]
[White "Losic,F"]
[Black "Armanda,I"]
[Result "0-1"]
[WhiteElo "2067"]
[BlackElo "2393"]

1.Nf3 Nf6 2.c4 g6 3.g3 Bg7 4.Bg2 O-O 5.O-O d6 6.Nc3 c5 7.Rb1 Nc6 8.a3 Bf5
9.d3 Qd7 10.Re1 Ne8 11.Nd5 Rb8 12.b4 cxb4 13.Nxb4 Nxb4 14.axb4 b5 15.cxb5 Nc7
16.Bb2 Bxb2 17.Rxb2 Nxb5 18.Qd2 Bg4 19.Ra1 Bxf3 20.Bxf3 Rfc8 21.h4 Rc7 22.d4 Qf5
23.Kg2 d5 24.Ra5 e6 25.e3 Nd6 26.Be2 Ne4 27.Qe1 Rc1 28.Bd1 Rbc8 29.Rxa7 Nc3
30.Rd2 Qb1 31.Qf1 Nxd1  0-1

[Event "3rd Limpedea Cup"]
[Site "Baia Sprie ROU"]
[Date "2011.05.25"]
[Round "3"]
[White "Nanu,C"]
[Black "Szabo,At1"]
[Result "1-0"]
[WhiteElo "2526"]
[BlackElo "2283"]

1.c4 Nf6 2.Nf3 g6 3.g3 Bg7 4.Bg2 O-O 5.O-O c5 6.d4 d6 7.Nc3 Nc6 8.dxc5 dxc5
9.Bf4 Be6 10.Ne5 Na5 11.Qa4 Nh5 12.Rad1 Qb6 13.Nd5 Bxd5 14.Rxd5 Nxf4 15.gxf4 Bxe5
16.Rxe5 Nc6 17.Bxc6 bxc6 18.Qa3 e6 19.Rxc5 Rfd8 20.e3 Rd2 21.b4 Rb8 22.Re5 Qxb4
23.Qxa7 Qb7 24.Qa4 Ra8 25.Ra5 Rxa5 26.Qxa5 Qd7 27.h3 Qd3 28.a4 Rc2 29.Qa8+ Kg7
30.Qxc6 Rxc4 31.Qb5 Qc3 32.Rb1 Kh6 33.Qe8  1-0

[Event "ch-Siberia Men"]
[Site "Barnaul RUS"]
[Date "2011.05.26"]
[Round "7"]
[White "Glukhov,M"]
[Black "Vodyasov,E"]
[Result "0-1"]
[WhiteElo "2151"]
[BlackElo "2223"]

1.c4 Nf6 2.Nf3 g6 3.g3 Bg7 4.Bg2 O-O 5.O-O d6 6.d4 Nbd7 7.Qc2 e5 8.Rd1 Re8
9.b3 c6 10.Nc3 Qa5 11.dxe5 dxe5 12.Rb1 e4 13.Ng5 e3 14.f4 h6 15.Nge4 Nxe4
16.Nxe4 Qf5 17.Qd3 Nc5 18.Nxc5 Qxc5 19.b4 Qe7 20.Qa3 Bf5 21.Rb3 Rad8 22.Re1 Bc2
23.Rc3 Bxc3 24.Qxc3 Bf5 25.h3 f6 26.Bb2 Rd2 27.g4 Be4 28.Bxe4 Qxe4 29.Qxf6 Rxb2
30.Qxb2 Qxf4 31.Rf1 Qg3+ 32.Kh1 Qxh3+ 33.Kg1 Qxg4+ 34.Kh2 Qh4+ 35.Kg1 Qg3+
36.Kh1 Re5  0-1

[Event "Zonal 3.3"]
[Site "Tagaytay City PHI"]
[Date "2011.05.27"]
[Round "5"]
[White "Nguyen Van Huy"]
[Black "Nolte,R"]
[Result "1/2-1/2"]
[WhiteElo "2454"]
[BlackElo "2429"]

1.Nf3 Nf6 2.c4 g6 3.g3 Bg7 4.Bg2 O-O 5.O-O d6 6.Nc3 Nc6 7.d3 e5 8.Rb1 a5
9.a3 h6 10.b4 axb4 11.axb4 Be6 12.b5 Ne7 13.Bb2 Qd7 14.Ra1 Bh3 15.Rxa8 Rxa8
16.Qb3 Bxg2 17.Kxg2 Qe6 18.e4 Nd7 19.Ra1 Rxa1 20.Bxa1 Nc5 21.Qc2 f5 22.Bb2 Kh7
23.Ba3 f4 24.Nd5 c6 25.Nxe7 Qxe7 26.Bxc5 dxc5 27.bxc6 bxc6 28.Qa4 Qd6 29.Qa3 g5
30.g4 Bf6 31.h3 Kg6 32.Kf1 Kg7 33.Qa7+ Kg6 34.Ke2 Be7 35.Qa8 Kg7 36.Qb7 Kg8
37.Qc8+ Kg7 38.Qb7 Kg8 39.Nd2 Bf8 40.Qc8 Kg7 41.Qa8 Be7 42.Qe8 Bf6 43.Qc8 Be7
44.Qb7 Kf7 45.Nf3  1/2-1/2

[Event "84th ch-St Petersburg"]
[Site "St Petersburg RUS"]
[Date "2011.05.28"]
[Round "8"]
[White "Yevseev,D"]
[Black "Usmanov,V"]
[Result "1-0"]
[WhiteElo "2527"]
[BlackElo "2289"]

1.Nf3 Nf6 2.c4 g6 3.g3 Bg7 4.Bg2 O-O 5.O-O d6 6.d4 Nbd7 7.Nc3 e5 8.h3 a6
9.dxe5 dxe5 10.Be3 Qe7 11.Nd5 Nxd5 12.cxd5 Nf6 13.Nd2 Ne8 14.Qb3 Nd6 15.Rac1 f5
16.Bc5 Bh6 17.Rc2 f4 18.g4 Rf7 19.Ne4 Bf8 20.Bxd6 cxd6 21.Qb6 h5 22.Rfc1 Bd7
23.Qxb7 Rd8 24.g5 f3 25.exf3 Bb5 26.Rc7 Rd7 27.Rxd7 Qxd7 28.Nf6+ Rxf6 29.Qxd7 Bxd7
30.gxf6  1-0

[Event "84th ch-St Petersburg"]
[Site "St Petersburg RUS"]
[Date "2011.05.30"]
[Round "10"]
[White "Yevseev,D"]
[Black "Klimov,S"]
[Result "1/2-1/2"]
[WhiteElo "2527"]
[BlackElo "2503"]

1.c4 Nf6 2.Nf3 g6 3.g3 Bg7 4.Bg2 O-O 5.O-O d6 6.d4 c6 7.b3 Bf5 8.Bb2 d5 9.Nbd2 Nbd7
10.Nh4 Be6 11.Re1 b5 12.Qc2 bxc4 13.bxc4 Rb8 14.Rab1 Qa5 15.Bc3 Qa6 16.c5 Rxb1
17.Qxb1 Ne8 18.Qc2 Bf6 19.Nhf3 Bf5 20.e4 dxe4 21.Nxe4 Bg7 22.Bf1 Qc8 23.Qa4 Bxe4
24.Rxe4 Nef6 25.Ba6 Qe8 26.Re1 Nd5 27.Bd2 Qa8 28.Bc4 e6 29.Bxd5 exd5 30.Bf4 Qb7
31.Bd6 Rd8 32.Kg2 Bf8 33.Qa5 Rc8 34.Qd2 Nf6 35.Bxf8 Rxf8 36.Qf4 Ne4 37.Ng5 Nxg5
38.Qxg5 Qb2 39.Qf6 Qxa2 40.Re7 a5 41.Qxc6 a4 42.Ra7 a3 43.Qd6 Qc4 44.Rxa3 Qxd4
45.Re3 Rc8 46.c6 Qb6 47.Qd7 Rxc6 48.Re8+ Kg7 49.Qe7 Qc5 50.Qd8 Qd4 51.Rg8+ Kh6
52.Qf8+ Kh5 53.Qxf7 Qe4+  1/2-1/2

[Event "29th Liechtenstein Open"]
[Site "Triesen LIE"]
[Date "2011.06.01"]
[Round "6.17"]
[White "Borisova,B"]
[Black "Rous,D"]
[Result "1-0"]
[WhiteElo "2106"]
[BlackElo "1929"]

1.Nf3 Nf6 2.g3 g6 3.c4 Bg7 4.Bg2 O-O 5.O-O d5 6.cxd5 Nxd5 7.d4 Nc6 8.Nc3 Be6
9.e4 Nxc3 10.bxc3 Bc4 11.Re1 e5 12.d5 Ne7 13.Ba3 Re8 14.Nd2 Ba6 15.c4 Nc8
16.c5 h5 17.Qa4 f5 18.Rad1 Kh7 19.Nf3 Bf6 20.exf5 gxf5 21.Bb2 Ne7 22.Nxe5 Bxe5
23.Rxe5 Ng6 24.Rxf5 Qe7 25.h4 Be2 26.Re1 b5 27.Qd4 Rg8 28.Rxe2  1-0

[Event "FSFMA June"]
[Site "Budapest HUN"]
[Date "2011.06.06"]
[Round "3"]
[White "Hocevar,N"]
[Black "Darazs,Z"]
[Result "1-0"]
[WhiteElo "2034"]
[BlackElo "2203"]

1.c4 Nf6 2.Nf3 g6 3.g3 Bg7 4.Bg2 O-O 5.O-O d5 6.cxd5 Nxd5 7.d4 Nc6 8.e4 Nb6
9.d5 Na5 10.Nc3 c6 11.Nd4 cxd5 12.exd5 Bd7 13.b3 Rc8 14.Bb2 Re8 15.Rc1 h5
16.Ba1 Bg4 17.f3 Bd7 18.Re1 e5 19.dxe6 Bxe6 20.Nxe6 Qxd1 21.Rexd1 Rxe6 22.Ne4 Bxa1
23.Rxc8+ Nxc8 24.Rxa1 f5 25.Nc3 Rc6 26.Rc1 Kf7 27.f4 Rc7 28.Ne2 Rxc1+ 29.Nxc1 Kf6
30.Kf2 Nc6 31.Ke3 Nd6 32.Nd3 Nb5 33.Bxc6 bxc6 34.Ne5 Nc3 35.Nxc6 Nxa2 36.Nxa7 g5
37.Nc6 gxf4+ 38.gxf4 Nc3 39.b4  1-0

[Event "TCh-BUL GpA Men"]
[Site "Albena BUL"]
[Date "2011.06.07"]
[Round "6.3"]
[White "Delchev,A"]
[Black "Spasov,V"]
[Result "1/2-1/2"]
[WhiteElo "2619"]
[BlackElo "2594"]

1.Nf3 Nf6 2.c4 g6 3.g3 Bg7 4.Bg2 O-O 5.O-O d6 6.Nc3 e5 7.d3 Re8 8.Rb1 a5
9.a3 h6 10.b4 axb4 11.axb4 e4 12.dxe4 Nxe4 13.Nxe4 Rxe4 14.Nd2 Re8 15.Bb2 Bxb2
16.Rxb2 Qf6 17.Rb3 Bf5 18.e4 Be6 19.e5 Qxe5 20.Bxb7 Ra2 21.Re3 Qd4 22.Ne4 Qxd1
23.Nf6+ Kf8 24.Rxd1 Rd8 25.Bd5 Nd7 26.Nxd7+ Bxd7 27.Rf3 f5 28.b5 Re8 29.c5 Rb2
30.cxd6 Rxb5 31.dxc7 Rc5 32.h4 h5  1/2-1/2

[Event "35th Open"]
[Site "Fourmies FRA"]
[Date "2011.06.12"]
[Round "4.17"]
[White "Kienitz,A"]
[Black "Louis Sidois,C"]
[Result "1-0"]
[WhiteElo "2126"]
[BlackElo "1904"]

1.c4 Nf6 2.Nf3 g6 3.g3 Bg7 4.Bg2 O-O 5.Nc3 d5 6.cxd5 Nxd5 7.O-O a5 8.d4 Nc6
9.e4 Nb6 10.d5 Ne5 11.Nd4 e6 12.dxe6 Bxe6 13.Nxe6 Qxd1 14.Rxd1 fxe6 15.f4 Ned7
16.e5 Nc5 17.Be3 Nca4 18.Nxa4 Nxa4 19.b3 Nc3 20.Rd3 Nd5 21.Bxd5 exd5 22.Rxd5 g5
23.Rc1 c6 24.Rd7 gxf4 25.gxf4 Bh6 26.Rf1 Rf7 27.Rxf7 Kxf7 28.Rd1 Ke8 29.a4 b5
30.Rd6 bxa4 31.bxa4 Bf8 32.Rxc6 Rb8 33.Kf2 Kd7 34.Ra6 Rb2+ 35.Kf3 Bb4 36.Ra7+ Kc6
37.e6  1-0

[Event "Voronezh Master Open"]
[Site "Voronezh RUS"]
[Date "2011.06.15"]
[Round "4.31"]
[White "Vakhlamov,I"]
[Black "Pranizin,G"]
[Result "1-0"]
[WhiteElo "2315"]
[BlackElo "2182"]

1.c4 Nf6 2.Nf3 g6 3.g3 Bg7 4.Bg2 O-O 5.O-O c6 6.d4 d5 7.Nc3 Bf5 8.Qb3 Qb6
9.Qxb6 axb6 10.cxd5 cxd5 11.Bf4 Nc6 12.Rfd1 Rfc8 13.Ne5 Be6 14.Rac1 h6 15.h4 b5
16.a3 Na7 17.Nd3 Nc6 18.Nc5 Nxd4 19.Nxe6 Nxe6 20.Be5 Nc7 21.Na2 Nfe8 22.Bxg7 Kxg7
23.Bxd5 Nxd5 24.Rxc8 Rxc8 25.Rxd5 Nd6 26.Nc3 Kf6 27.e4 Ke6 28.f3 f5 29.exf5+ gxf5
30.f4 Kf6 31.Kg2 Rc6 32.Nxb5 Rc2+ 33.Kf3 Ne4 34.Rxf5+ Kxf5 35.Nd4+ Kf6 36.Nxc2 Nd2+
37.Ke2 Nc4 38.b3 Nd6 39.g4 e5 40.Kf3 Nb5 41.g5+ hxg5 42.fxg5+ Kf5 43.Ne3+ Kg6
44.Kg4 Nd4 45.h5+ Kf7 46.b4 b5 47.Nf5 Nc2 48.g6+ Kf6 49.g7 Kf7 50.h6  1-0

[Event "Teplice Open"]
[Site "Teplice CZE"]
[Date "2011.06.16"]
[Round "6"]
[White "Ruzicka,V1"]
[Black "Hajek,Jar"]
[Result "0-1"]
[WhiteElo "1723"]
[BlackElo "1961"]

1.Nf3 Nf6 2.c4 g6 3.g3 Bg7 4.Bg2 O-O 5.d4 d6 6.O-O Nc6 7.Nc3 a6 8.d5 Na5
9.Qd3 c5 10.dxc6 Nxc6 11.a3 Bg4 12.b3 Bf5 13.Qd1 Ne4 14.Nxe4 Bxa1 15.Neg5 Bg7
16.Nh4 Bd7 17.f4 Qb6+ 18.e3 Na5 19.f5 Nxb3 20.fxg6 hxg6 21.Nxg6 fxg6 22.Bd5+ e6
23.Rxf8+ Kxf8 24.c5 Nxc5 25.Bb2 Qb5 26.Ne4 Qd3 27.Qe1 Bd4  0-1

[Event "49th National Challengers ch-IND"]
[Site "Aurangabad IND"]
[Date "2011.06.18"]
[Round "5"]
[White "Ramakrishna,J"]
[Black "Sharma,Di"]
[Result "0-1"]
[WhiteElo "2260"]
[BlackElo "2348"]

1.Nf3 Nf6 2.g3 g6 3.Bg2 Bg7 4.c4 O-O 5.O-O d6 6.d4 Nc6 7.Nc3 Bf5 8.Ne1 Qc8
9.e4 Bh3 10.f3 Bxg2 11.Kxg2 Na5 12.Qd3 c5 13.d5 a6 14.Nc2 Nd7 15.Na3 Rb8
16.Bd2 b5 17.cxb5 axb5 18.Naxb5 Qa6 19.Qe2 Bxc3 20.Nxc3 Qxe2+ 21.Nxe2 Rxb2
22.Bxa5 Rxe2+ 23.Rf2 Rxf2+ 24.Kxf2 Ra8 25.Bc3 Ra3 26.Bb2 Ra4 27.Ke3 f5 28.Kd3 Kf7
29.g4 fxe4+ 30.fxe4 e6 31.g5 exd5 32.exd5 Nb6 33.Rf1+ Ke7 34.Re1+ Kd7 35.Rf1 Nxd5
36.Rf7+ Ke6 37.Rxh7 Rxa2 38.Bh8 Ra3+ 39.Kd2 Nf4 40.h4 Rh3 41.Bf6 Ng2 42.Re7+ Kd5  0-1

[Event "25th Open Pula"]
[Site "Pula CRO"]
[Date "2011.06.21"]
[Round "4.27"]
[White "Diermair,A"]
[Black "Raljic,M"]
[Result "1-0"]
[WhiteElo "2435"]
[BlackElo "2119"]

1.Nf3 Nf6 2.c4 g6 3.g3 Bg7 4.Bg2 O-O 5.d4 d6 6.Nc3 Nc6 7.O-O Bd7 8.e4 e5
9.d5 Na5 10.Qd3 b6 11.b4 Nb7 12.Bd2 c5 13.dxc6 Bxc6 14.Nd5 Nxd5 15.cxd5 Bd7
16.Qa6 Qb8 17.Rac1 Rc8 18.Rfe1 Nd8 19.Bf1 f6 20.Bb5 Bxb5 21.Qxb5 Qb7 22.Be3 Kf7
23.a4 Bf8 24.Nd2 Rxc1 25.Rxc1 Rc8 26.Rxc8 Qxc8 27.a5 bxa5 28.bxa5 a6 29.Qb4 Qb7
30.Bb6 Be7 31.Qc4 Ke8 32.Nb3 f5 33.f3 Nf7 34.Nc1 Ng5 35.exf5 gxf5 36.Kg2 e4
37.fxe4 fxe4 38.h4 Nf3 39.Qxe4 Ne5 40.Nd3 Nd7 41.Bd4 Qb5 42.Nf4 Qxa5 43.Qxh7 Qd2+
44.Bf2 Nf6 45.Qg6+ Kd7 46.Qf5+ Ke8 47.h5 Qb4 48.Qc8+ Kf7 49.Qxa6 Qe4+ 50.Kg1 Qf3
51.Qc8 Ne4 52.Qe6+ Ke8 53.Nh3 Nxf2 54.Qg6+ Kf8 55.Nxf2 Qxd5 56.Ne4 Qe5 57.h6 d5
58.h7 Qh8 59.Qf5+ Ke8 60.Qh5+  1-0

[Event "Baltija Cup Open A"]
[Site "Palanga LTU"]
[Date "2011.06.22"]
[Round "7.14"]
[White "Zickus,S"]
[Black "Jankunas,T"]
[Result "1-0"]
[WhiteElo "2316"]
[BlackElo "1940"]

1.Nf3 Nf6 2.c4 g6 3.g3 Bg7 4.Bg2 O-O 5.O-O c6 6.d4 d6 7.Nc3 Nbd7 8.e4 e5
9.h3 Qb6 10.c5 dxc5 11.dxe5 Ne8 12.e6 fxe6 13.Ng5 Nc7 14.f4 Nf6 15.Qe2 Qa6
16.Qf2 b6 17.Rd1 Bd7 18.Qc2 Rad8 19.Be3 Qc8 20.e5 Nfd5 21.Bf2 Qb7 22.Nce4 Ne8
23.h4 h6 24.Nf3 Bc8 25.h5 gxh5 26.Nh4 Qf7 27.Qe2 Nec7 28.Nd6 Rxd6 29.exd6 Ne8
30.Bf3 Nxd6 31.Bxh5 Qf6 32.Rd2 Nf5 33.Ng6 Rd8 34.Ne5 Rf8 35.Re1 Nxg3 36.Bxg3 Nxf4
37.Qg4 Nxh5 38.Qxh5  1-0

[Event "25th Open Pula"]
[Site "Pula CRO"]
[Date "2011.06.22"]
[Round "6.12"]
[White "Diermair,A"]
[Black "Cop,T"]
[Result "1-0"]
[WhiteElo "2435"]
[BlackElo "2271"]

1.Nf3 Nf6 2.c4 g6 3.g3 Bg7 4.Bg2 O-O 5.d4 d6 6.Nc3 Nbd7 7.O-O e5 8.e4 c6
9.h3 Qb6 10.Re1 Re8 11.d5 Nc5 12.Rb1 a5 13.Be3 Qc7 14.Nd2 Bd7 15.Qe2 Na6
16.Rec1 c5 17.Nb5 Qb8 18.b3 Rf8 19.Kh2 Nh5 20.Bf3 Be8 21.Rg1 Kh8 22.Bxh5 gxh5
23.g4 h4 24.f4 Nb4 25.a4 Nc2 26.f5 Nxe3 27.Qxe3 f6 28.Nf3 Rg8 29.Nc3 Bd7
30.Ne2 Qf8 31.Nxh4 Bh6 32.Qf2 Bg5 33.Nf3 Qh6 34.Nxg5 Rxg5 35.Rg3 Rag8 36.Rbg1 Qh4
37.R3g2 Qxf2 38.Rxf2 h5 39.Rfg2 Be8 40.Rg3 h4 41.Re3 Kg7 42.Rg2 Bf7 43.Ng1 b6
44.Nf3 Rh8 45.Nxh4 Rxh4 46.Kg3 Rh7 47.h4 Rxg4+ 48.Kxg4 Bh5+ 49.Kh3+ Kf8 50.Reg3 Bf7
51.Rg4 Rh8 52.R2g3 Rh7 53.Rg6 Ke7 54.Rg8 Bxg8 55.Rxg8 Kd7 56.Rb8 Kc7 57.Ra8 Kb7
58.Rf8  1-0

[Event "25th Open Pula"]
[Site "Pula CRO"]
[Date "2011.06.22"]
[Round "6.23"]
[White "Leer Salvesen,B"]
[Black "De Val,D"]
[Result "1/2-1/2"]
[WhiteElo "2365"]
[BlackElo "2212"]

1.c4 Nf6 2.g3 g6 3.Bg2 Bg7 4.Nf3 O-O 5.O-O d6 6.Nc3 e5 7.d3 h6 8.Rb1 a5 9.a3 Re8
10.Nd2 c6 11.b4 axb4 12.axb4 Be6 13.b5 d5 14.Qc2 Nbd7 15.bxc6 bxc6 16.Bb2 Qe7
17.Ra1 Reb8 18.cxd5 cxd5 19.Rxa8 Rxa8 20.e4 dxe4 21.dxe4 Qc5 22.Rc1 Nb6 23.Qd3 Qb4
24.Rb1 Nc4 25.Bc1 Qc5 26.Nxc4  1/2-1/2

[Event "TCh-TUR 2011"]
[Site "Konya TUR"]
[Date "2011.06.28"]
[Round "1"]
[White "Pantsulaia,L"]
[Black "Marasli,T"]
[Result "1-0"]
[WhiteElo "2613"]
[BlackElo "2209"]

1.c4 Nf6 2.Nf3 g6 3.g3 Bg7 4.Bg2 O-O 5.O-O d5 6.cxd5 Nxd5 7.d4 Nb6 8.Nc3 Nc6
9.e3 Re8 10.Re1 e5 11.d5 Ne7 12.e4 Bg4 13.h3 Bxf3 14.Qxf3 c6 15.Rd1 cxd5
16.exd5 Nf5 17.d6 Rb8 18.Nb5 Nd4 19.Nxd4 exd4 20.Bf4 Nd7 21.Rac1 g5 22.Bd2 Ne5
23.Qd5 Re6 24.Ba5 b6 25.Bb4 a5 26.Ba3 b5 27.Bc5 Nc4 28.Re1 Rxd6 29.Bxd6 Qxd6
30.Qxd6 Nxd6 31.b3 h6 32.Rc6 Rd8 33.Ra6 d3 34.Rd1 Ne8 35.Rxa5 Nc7 36.Ra7 Be5
37.Rb7 d2 38.Kf1 Ne6 39.Rxb5 Bc3 40.Rd5 Rxd5 41.Bxd5 Nd4 42.a4 Kf8 43.f4 Bb4
44.fxg5 hxg5 45.Kf2 Bc5 46.Ke3 Nxb3+ 47.Kd3 Nd4  1-0